1512 1558 1117 1020 1964 1537 1818 1448 1607 1497 1529 1956 1091 1981 1807 1445 1603 1133 1772 2000 1400 1613 1737 1927 1150 1346 1049 1737 1219 1012 1492 1345 1461 1815 1632 1969 1350 1250 1643 1431 1600 1473 1078 1791 1928 1324 1260 1515 1147 1954 1142 1812 1504 1581 1237 1942 1790 1487 1625 1165 1079 1973 1158 1061 1817 1084 1938 1452 1957 1590 1045 1031 1946 1703 1797 1123 1357 1216 1584 1821 1292 1359 1800 1673 1845 1951 1793 1724 1501 1310 1294 1173 1530 1167 1667 1513 1893 1189 1685 BCNSPRNW ULIB Ver.6.0+V

เปลี่ยนเป็นภาษาไทย

Change to English
 แสดงรายละเอียดบรรณานุกรม
  กลับหน้าหลัก

Brief Record : Get Marc (ISO 2709) : E-mail record : QR code < ปิดหน้าต่าง
LEADER : 00000nam 2200000uu 4500
001    13399123268
003     ULIB
008    140813s||||||||th 000 0 tha d
020    ^a9789741113941
060  4 ^aW84.6.JT3^bส179 ล.1
245 10 ^aสถานการณ์งานวิจัยและแนวทางการพัฒนากรอบการวิจัยเพื่อพัฒนาระบบบริการปฐมภูมิ เล่ม 1/^c[คณะผู้วิจัย สุพัตราศรีวณิชชากร...และคนอื่นๆ]
246 14 ^aสถานการณ์งานวิจัยและแนวทางการพัฒนากรอบการวิจัยเพื่อพัฒนาระบบบริการปฐมภูมิ.^nเล่ม 1
250    ^aพิมพ์ครั้งที่ 1
260    ^aนครปฐม :^bสำนักงานวิจัยและพัฒนาระบบสุขภาพชุมชน,^c2553
300    ^a130 หน้า :^bภาพประกอบ
490 0  ^aชุดรวมผลงานวิจัยของสำนักงานวิจัยและพัฒนาระบบสุขภาพชุมชนพ.ศ. 2550-2552 ;^vเล่มที่ 1
505 0  ^a^tรายงานสถานการณ์งานวิจัยฯ รายภาค - -^tรายงานสถานการณ์งานวิจัยด้านสถานการร์บริการประชาชน - -^tรายงานสถานการณ์งานวิจัยหมวดบริการ -- ^tรายงานสถานการณ์งานวิจัยหมวดบริหารจัดการและระบบสนับสนุน - -^tรายงานสถานการณ์งานวิจัยด้านสมรรถนะและบทบาทของบุคลากรสาธารณสุขในหน่วยบริการปฐมภูมิ - -^tรายงานสถานการณ์งานวิจัยด้านการทำงานชุมชน ท้องถิ่น
650  7 ^aปริการปฐมภูมิ(การแพทย์)^zไทย^xวิจัย^vรวมเรื่อง
650  7 ^aบริการทางการแพทย์^zไทย^xวิจัย^vรวมเรื่อง
700 0  ^aสุพัตรา ศรีวณิชชากร
710 2  ^aสำนักงานวิจัยและพัฒนาระบบสุขภาพชุมชน
856    ^zสถานการณ์งานวิจัย.pdf (Content)^uhttp://113.53.248.4/ULIB6//_fulltext/5/13399123268/20140813111246_4487.pdf
945    ^p0^l0^i034566
999    ^aเกษร โพธิ์สุวรรณ
รายการนี้ยังไม่มีแท็ก
คุณยังไม่ได้ล็อกอิน คุณสามารถมีกิจกรรมร่วมกับเว็บไซต์ได้ แต่ต้องล็อกอินก่อน ::
  ล็อกอิน

รายการสื่อสารสนเทศ

ลำดับที่ ประเภท เลขเรียก/บาร์โค้ด สถานที่ สถานะ
1. วิทยาศาสตร์การแพทย์ และสุขภาพ
หนังสือสำรอง
สถานะ=หนังสือสำรอง
W84.6.JT3 ส179 ล.1 ฉ.1 
  Barcode: 034566
ห้องสมุดวิทยาเขตสวรรค์ประชารักษ์
►ส่วนจัดเก็บหนังสือเก่า สปร
บนชั้น
  ขอยืม

BibComment


ยังไม่เคยถูกคอมเมนท์

คอมเมนท์ทรัพยากรรายการนี้
  คอมเมนท์: สถานการณ์งานวิจั..


 Copyright 2026. Bcnsprnw @Library